Most Known Cities in the World. - Statistics

General Stats
  • This quiz has been taken 72 times
    45 since last reset
  • The average score is 86 of 120
Answer Stats
Country City % Correct
India Delhi
98%
United Kingdom London
98%
Spain Madrid
98%
Mexico Mexico City
98%
USA New York City
98%
France Paris
98%
Italy Rome
98%
Japan Tokyo
98%
China Beijing
95%
Germany Berlin
95%
USA Los Angeles
95%
Russia Moscow
95%
Australia Sydney
95%
Turkey Istanbul
93%
Argentina Buenos Aires
90%
Italy Milan
90%
India Mumbai
90%
South Korea Seoul
90%
USA Washington
90%
Greece Athens
88%
Egypt Cairo
88%
USA Chicago
88%
USA Dallas
88%
Thailand Bangkok
86%
Ukraine Kiev
86%
Australia Melbourne
86%
Brazil Rio de Janeiro
86%
China Shanghai
86%
Italy Venice
86%
Netherlands Amsterdam
83%
UAE Dubai
83%
USA Houston
83%
Indonesia Jakarta
83%
Italy Naples
83%
USA San Francisco
83%
Canada Toronto
83%
Spain Barcelona
81%
USA Miami
81%
Canada Montreal
81%
Sweden Stockholm
81%
Canada Vancouver
81%
Poland Warsaw
81%
Iraq Baghdad
79%
South Africa Cape Town
79%
Portugal Lisbon
79%
Brazil Sao Paulo
79%
Russia St Petersburg
79%
USA Boston
76%
South Africa Johannesburg
76%
Nigeria Lagos
76%
United Kingdom Manchester
76%
Germany Munich
76%
Singapore Singapore
76%
Austria Vienna
76%
UAE Abu Dhabi
74%
Belgium Brussels
74%
Denmark Copenhagen
74%
Ireland Dublin
74%
Germany Hamburg
74%
Peru Lima
74%
United Kingdom Liverpool
74%
Australia Perth
74%
USA Philadelphia
74%
Chile Santiago
74%
Taiwan Taipei
74%
New Zealand Auckland
71%
Hungary Budapest
71%
Bangladesh Dhaka
71%
Cuba Havana
71%
Malaysia Kuala Lumpur
71%
Philippines Manila
71%
Canada Ottawa
71%
USA Seattle
71%
Turkey Ankara
69%
Vietnam Hanoi
69%
China Hong Kong
69%
Kuwait Kuwait City
69%
Japan Osaka
69%
Saudi Arabia Riyadh
69%
Iran Tehran
69%
Vietnam Ho Chi Minh City
67%
Belarus Minsk
67%
Bulgaria Sofia
67%
Egypt Alexandria
64%
USA Detroit
64%
France Marseille
64%
Kenya Nairobi
64%
United Kingdom Birmingham
62%
Australia Brisbane
62%
South Korea Busan
62%
Germany Frankfurt
62%
United Kingdom Glasgow
62%
Afghanistan Kabul
62%
DR Congo Kinshasa
62%
USA Phoenix
62%
USA San Diego
62%
USA Denver
60%
France Lyon
60%
France Nice
60%
Angola Luanda
57%
Saudi Arabia Mecca
57%
Senegal Dakar
55%
Pakistan Karachi
55%
China Wuhan
55%
Australia Adelaide
50%
Canada Calgary
50%
Saudi Arabia Jeddah
50%
India Kolkata
50%
USA New Orleans
48%
China Tianjin
45%
India Bengaluru
43%
Myanmar Yangon
43%
China Chongqing
38%
China Nanjing
38%
Ukraine Kharkiv
36%
Japan Nagoya
36%
USA Tampa
36%
Italy Bari
29%
Spain Zaragoza
21%
Russia Perm
12%
No matching quizzes found
Score Distribution
Percent of People with Each Score
Percentile by Number Answered
Your Score History
You have not taken this quiz since the last reset